Religion Quiz

Random Religion or Popular Quiz

Most Popular Bible Translations Quiz Stats

 Plays Quiz not verified by Sporcle

Score 0/10 Timer 03:00
0 Plays Today
% Correct
King James Version
95.5%
New International Version
86.4%
New King James Version
72.7%
English Standard Version
63.6%
New American Standard Bible
59.1%
New Living Translation
54.5%
Holman Christian Standard Bible
27.3%
Common English Bible
13.6%
New International Readers Version
13.6%
Reina Valera 1960
9.1%

You're not logged in!

Compare scores with friends on all Sporcle quizzes.
OR
Log In

Sporcle TV

Today on Sporcle TV


Watch our educational content, quiz creation guides, and fun videos on Sporcle TV.

Show Comments

Extras

Top Quizzes Today


Score Distribution

Your Account Isn't Verified!

In order to create a playlist on Sporcle, you need to verify the email address you used during registration. Go to your Sporcle Settings to finish the process.

Report this User

Report this user for behavior that violates our Community Guidelines.

Details: